| 000 | 00427nam a2200181Ia 4500 | ||
|---|---|---|---|
| 003 | OSt | ||
| 005 | 20241017100135.0 | ||
| 008 | 230312s9999||||xx |||||||||||||| ||und|| | ||
| 020 | _a1-4051-3488-0 | ||
| 040 | _aabc | ||
| 082 |
_a599.32 _bOAK-H |
||
| 100 | _aOakley, Celia | ||
| 245 | 0 | _aHeart Disease in Pregnancy / | |
| 260 |
_bSpringer _aIndia _c2007 |
||
| 300 | _a354 | ||
| 650 |
_aMedical _vGynaecology |
||
| 942 |
_cBK _2ddc |
||
| 999 |
_c12601 _d12601 |
||